Quizzes
Events
Quiz Creation
Community
Videos
Private Events
Remove Ads
Sign In
Join for FREE
Feedback
Dark Mode
Quiz Categories
Sports
Geography
Music
Movies
Television
Just For Fun
Miscellaneous
History
Literature
Language
Science
Gaming
Entertainment
Religion
Holiday
For Kids
Quiz Lab
Recent
Popular Today
Quiz Kudos Today
Editor Picks
Curator Picks
Quizzes by...
Day
Popularity
Type
Ratings
Length
Year
Community
Subscriptions
Recent Discussions
Orange Saloon
Badges
Playlists
Quests
Create
Leaderboards
Showdown
Live 5
Trivia Bingo
Activity
Puzzle Library
Sporcle Events
Private Events
Virtual Trivia
Globe League
Become a Host
Pub Owners
SporcleCon
Opinionation
Our Games
Videos
Blog
Mobile Apps
Partnerships
Remove Ads and Go Orange
Feedback
Music
Pop Music
The Beatles
Song
Album
Lyrics
Bands
Singers
Artist
Clip
Rock
Rap
Classical
Billboard
Country Music
Kpop
Taylor Swift
Music
Pop Music
The Beatles
Song
Album
Lyrics
Bands
Singers
Artist
Clip
Rock
Rap
Classical
Billboard
Country Music
Kpop
Taylor Swift
Random Quiz
Search Sporcle
×
Quiz Lab
Quiz Lab
Music
Type in answers that appear in a list
Type in answers that appear in a list
Classic
Best Score? Go Orange.
Complete Boston Songs Stats
Can you name the songs released by Boston?
By
nhrafan
7m
46 Questions
261 Plays
261 Plays
261 Plays
Comments
Comments
Give Quiz Kudos
Give Quiz Kudos
-
- Ratings
hide this ad
Replay
Link that replays current quiz
Next Quiz
Link to next quiz in quiz playlist
You Got
0%
They Got
Avg Score
41%
Avg Friend Score
Upgrade to see
Score Distribution
Jump to the score distribution portion of the page
Score
0/46
Timer
07:00
0
Plays Today
Album
Song
% Correct
Boston
More Than a Feeling
95.8%
Don't Look Back
Don't Look Back
93.1%
Boston
Foreplay / Long Time
92%
Boston
Smokin'
88.1%
Third Stage
Amanda
88.1%
Boston
Peace of Mind
85.1%
Boston
Rock & Roll Band
84.3%
Boston
Let Me Take You Home Tonight
72.8%
Boston
Hitch a Ride
69.3%
Boston
Something About You
65.5%
Third Stage
Cool the Engines
64%
Walk On
Walk On
63.2%
Walk On
Walk On (some more)
63.2%
Don't Look Back
Party
60.9%
Don't Look Back
A Man I'll Never Be
59.8%
Don't Look Back
Feelin' Satisfied
57.5%
Corporate America
Corporate America
51.7%
Third Stage
We're Ready
42.9%
Third Stage
Hollyann
42.1%
Don't Look Back
It's Easy
41%
Don't Look Back
The Journey
37.5%
Don't Look Back
Used to Bad News
36.4%
Don't Look Back
Don't Be Afraid
34.9%
Album
Song
% Correct
Third Stage
The Launch
29.9%
Third Stage
Can'tcha Say (You Believe in Me)/Still in Love
29.9%
Third Stage
My Destination
25.7%
Walk On
I Need Your Love
25.7%
Walk On
Get Organ-ized
24.1%
Third Stage
To Be a Man
21.8%
Third Stage
I Think I Like It
21.5%
Corporate America
I Had a Good Time
21.1%
Walk On
Magdalene
19.5%
Corporate America
Livin' for You (live)
19.5%
Third Stage
A New World
18%
Walk On
Livin' for You
17.6%
Corporate America
Someone
17.6%
Walk On
We Can Make It
17.2%
Walk On
Walkin' at Night
16.5%
Walk On
What's Your Name
14.6%
Walk On
Surrender to Me
14.2%
Corporate America
With You
11.9%
Corporate America
Cryin'
11.9%
Corporate America
Turn It Off
11.5%
Corporate America
Stare out Your Window
10.7%
Corporate America
Didn't Mean to Fall in Love
10.7%
Corporate America
You Gave up on Love
10.7%
Quiz Playlist
Details
Report
Send in Message
Add To Playlist
Classic:
Type in answers that appear in a list
Quiz Source
Last Updated: Feb 16, 2017
Quiz Scoreboard
CHALLENGE
Sign Up to Join the Scoreboard
Show All
Scores
Hide
Comments
May contain spoilers
Recently Published
Movies - When Are They Set?
by FPL_Elf
Movies
5m
Popular People in 1961
by mucciniale
History
6m
1-10 Letter E Words III
by El_Dandy
Language
2m
More to Explore
Quiz From the Vault
Featured Blog Post
Where Did the Easter Bunny Come From?
hide this ad
You Might Also Like...
Tags
This quiz does not have any tags.
Today's Top Quizzes in Music
Browse Music
hide this ad
Top Contributed Quizzes in Music
1
Taylor Swift All Songs (2024)
2
2010s Album by Cover III
3
One Thing in Common: Music
4
Guess the Artist- 70s Songs
5
Taylor Swift Logic Puzzle
6
Guess the Taylor Swift song (Mystery Song)
7
2010s Album by Cover IV
8
2010s Album by Cover V
9
KPOP LOGIC QUIZ
10
2010s Album by Cover VI
Explore More
Trending Topics
Kpop
Harry Potter
Crossword
NBA
Disney
Anime
Marvel
Pokémon
Country
NFL
Puzzle
WWE
The Office
Soccer
Song
hide this ad
More By:
nhrafan
Quiz
Plays
Rating
Category
Featured
Created
All Time Box Office Stars
1,151
4.14
Movies
Feb 25, 2010
PBA (bowling) Players of the Year
1,139
5.00
Sports
Oct 3, 2009
Iowa State Dorms
580
5.00
Miscellaneous
Feb 2, 2010
Drag Racing Classes
377
5.00
Sports
Apr 26, 2010
Complete Boston Songs
261
4.00
Music
Jul 23, 2010
Go to Creator's Profile
Score Distribution
Quiz Creator Spotlight
nhrafan
Follow
Send a Message
Quizzes Created
-
Created Quiz Play Count
-
More By This Creator
Popular Quizzes Today
1
Find the Countries of Europe - No Outlines Minefield
2
Find the US States - No Outlines Minefield
3
The Countries of the World
4
Popular People in 1961
5
1-10 Letter E Words III
6
US States
7
Find the US States
8
One Thing in Common: World Cities II
More Music Quizzes
Greatest Hits Albums of the '70s
Published
Trending Quizzes
Risky Map Clicking: Least Populous States A-Z
Humor Books: The Subtitles
1-10 Letter F Words
1-10 Letter G Words
One Thing in Common: United Kingdom
Recently Updated
Leaping Animals
pecheneg
Reality TV Shows (A-Z)
bhenderson79
Rickey Henderson's Hall of Fame Teammates
pecheneg
Champions League XIs: Arsenal
pecheneg
Quick Pick: Celebrities in WWE's Hall of Fame
aduchscher
A-Z Keypad Blitz II
pecheneg
Multiple Oscar Actors
pecheneg
Mystery Phrase Blitz: Oscar 'Best Actors'
pecheneg
F. Scott Fitzgerald Novels
LTH
Pick 3 Villains
ddd62291
Trending Topics
Kpop
Marvel
NBA
Crossword
Anime
Harry Potter
Disney
Puzzle
Song
NFL
Soccer
WWE
Country
The Office
Pokémon
Your Account Isn't Verified!
In order to create a playlist on Sporcle, you need to verify the email address you used during registration. Go to your
Sporcle Settings
to finish the process.
Report this User
Report this user for behavior that violates our
Community Guidelines
.
Details:
Send Report
Go to the Sporcle.com Mobile Site →
Comments